00456 2200181 4500001002100000005001500021035002000036008004100056245005200097100002900149250000600178260003400184300001200218084001400230082000800244650001000252990001200262INLIS00000000000020120240711083625 a0010-0424000177240711 1 ind 1 aTragedi Happy Salmah /cTria Ayu Kusumawardhani aAyu Kusumawardhani, Tria a1 aJakarta :bTiga Kelana,c2009 a168 hlm a813 TRI t a813 4aFiksi a0732453